02042nam a2200337 a 450000100090000000300090000900500170001800700030003500800330003804000300007108200260010124501050012726401530023230000490038533600270043433700350046133800290049650502310052552004740075659000260123065000380125665000380129465000310133265000590136370000360142271000510145891000410150994200120155095201270156299900150168900008875DO-SdBPM20251014100554.0ta150108s2010 dr 000 spa d aDO-SdBPMbspacBPMSUerda 4a658.4092 bC977s 22200aCurso sobre liderazgo y gerencia política : bprograma académico /cCoordinador Wilfredo Lozano  aSanto Domingo :bPrograma de Formacion y Gerencia Politica (PFGP) ;bAgencia de los Estados Unidos para el Desarrollo Internacional (USAID), c2010 a49 páginasbilustración, retratoc25 cm. atextobtxt2rdacontent asin mediación bn2rdamedia  avolumen bnc2rdacarrier0 aPresentación 5-- Por qué el programa 7-- Curso regular de formación, liderazgo y gerencia política 11 -- Desarrollo modular 21 --Actividades complementarias y diálogos interpartidarios 39 -- Gestión del programa 45 aEste programa apoya procesos de democratización en los partidos políticos, formando a sus jóvenes líderes entre los 18 y 45 años de edad. Su actividad central son los cursos de formación sobre liderazgo y gerencia política, que pretenden contribuir tanto a modernizar el sistema político como a una mejor y más cercana relación entre el sistema de partidos y la sociedad civil, afirmando así un nuevo y jooven liderazgo democrático en el país. aInventariado, 2025/VM 7aEnseñanza sobre liderazgov 2  7aTeoría política vEnseñanza 7aSociedad civil vProgramas 7aParticipación política zRepública Dominicanax 1 a Lozano, Wilfredoecoordinador 2 aPrograma de Formación y Gerencia Política  aVMateo V. Control de calidad. BPMSU  2ddccBK 00102ddc708CDaBPMETbBPMETd2015-02-12l0oBPMSU CD 658.4092 C977s 2010pBPMSU15041175r2015-02-12t w2015-02-12yBK c7378d7378